000 00423nam a22001697a 4500
003 NUST - PNEC
005 20170116181019.0
008 150915b xxu||||| |||| 00| 0 eng d
020 _a0878915559
040 _cLIBRARY
082 _a536.7076 FOG
100 _910543
_aFogiel, M.
245 _aThe Thermodynamics problem solver
_cM. Fogiel
260 _cc.1984
650 _910547
_aThermodynamics
_yME
942 _2ddc
_cBK
999 _c67338
_d67338